[Event "It (open)"]
[Site "masterchessopen.com - Poznan (Poland)"]
[Date "2006.07.23"]
[Round "2"]
[White "Plonczak Mateusz (POL)"]
[Black "Czuchnicki Adam (POL)"]
[Result "0-1"]
[WhiteElo "1991"]
[BlackElo "2135"]

1.d4 Nf6 2.c4 c5 3.d5 e6 4.Nc3 exd5 5.cxd5 d6 6.e4 g6 7.Nf3 Bg7 8.h3 O-O 9.Bd3
b5 10.O-O c4 11.Bc2 b4 12.Ne2 Re8 13.Ng3 Qc7 14.Be3 a5 15.Bd4 Nbd7 16.Re1 Ba6
17.h4 Nc5 18.h5 Rac8 19.hxg6 hxg6 20.Ng5 Qe7 21.f4 Nd3 22.Rf1 Nxe4 23.Bxg7
Nxg3 24.Bxd3 cxd3 25.Bd4 Ne2+ {#R} 0-1

[Event "Memorial Adolfo Pedrido (open)"]
[Site "masterchessopen.com - Vilagarcia de Arousa (Spain)"]
[Date "2006.08.26"]
[Round "2"]
[White "Guaza Garcia Alejandro (ESP)"]
[Black "Gil Reguera Juan Carlos (ESP)"]
[Result "0-1"]
[WhiteElo "1959"]
[BlackElo "2248"]

1.d4 Nf6 2.c4 e6 3.Nc3 c5 4.d5 exd5 5.cxd5 d6 6.Nf3 g6 7.e4 Bg7 8.h3 O-O 9.Bd3
Bd7 10.O-O b5 11.Bf4 Qb6 12.Qb3 c4 13.Bxc4 bxc4 14.Qxb6 axb6 15.Bxd6 Rc8 16.e5
Ne8 17.Ne4 Bf5 18.Nfd2 Nd7 19.f4 b5 20.g4 Bxe4 21.Nxe4 Nxd6 22.Nxd6 Rc5
23.Rfd1 Nb6 24.Rd4 Rxd5 25.Rxd5 Nxd5 26.Nxb5 Nxf4 27.a4 Bxe5 {#R} 0-1

[Event "It (open)"]
[Site "masterchessopen.com - Ceska Trebova (Czech Republic)"]
[Date "2006.08.27"]
[Round "2"]
[White "Lechtynsky Jiri (CZE)"]
[Black "Vaculik Martin (CZE)"]
[Result "1-0"]
[WhiteElo "2443"]
[BlackElo "2269"]

1.d4 Nf6 2.Nf3 c5 3.d5 e6 4.c4 exd5 5.cxd5 d6 6.Nc3 g6 7.e4 Bg7 8.h3 O-O 9.Bd3
b5 10.Bxb5 Nxe4 11.Nxe4 Qa5+ 12.Nfd2 Qxb5 13.Nxd6 Qd7 14.N2c4 Qe7+ 15.Be3 Ba6
16.O-O Rd8 17.Re1 Qc7 18.Bg5 f6 19.Ne8 Qf7 20.Ncd6 Qf8 21.Bf4 Nd7 22.Nc7 Ne5
23.Bxe5 fxe5 24.Ne4 Bb7 25.d6 Bxe4 26.Rxe4 Rxd6 27.Qb3+ Kh8 28.Nxa8 Qxa8
29.Rae1 {#r} 1-0

[Event "Cup Greek Teams"]
[Site "masterchessopen.com - Athens (Greece)"]
[Date "2006.09.30"]
[Round "1"]
[White "Grivas Efstratios (GRE)"]
[Black "Vragoteris Antonios (GRE)"]
[Result "1-0"]
[WhiteElo "2495"]
[BlackElo "2324"]

1.d4 Nf6 2.Nf3 e6 3.c4 c5 4.d5 exd5 5.cxd5 d6 6.Nc3 g6 7.e4 Bg7 8.h3 O-O 9.Bd3
a6 10.a4 Nbd7 11.O-O Nh5 12.Re1 Ne5 13.Be2 Nxf3+ 14.Bxf3 Qh4 15.Bxh5 gxh5
16.Qd2 f5 17.Qf4 Qe7 18.Qg3 f4 19.Bxf4 Rxf4 20.Qxf4 Be5 21.Qh6 Qh4 22.Ne2 Bd7
23.Ra3 Qxe4 24.Qxh5 Qxd5 25.Rg3+ Kf8 26.Nf4 Qd2 27.Rxe5 Qc1+ 28.Kh2 Qxf4
29.Re3 {#r} 1-0

[Event "Cup Greek Teams (3-4 places)"]
[Site "masterchessopen.com - Athens (Greece)"]
[Date "2006.10.01"]
[Round "2"]
[White "Skembris Spyridon (GRE)"]
[Black "Wojtaszek Radoslaw (POL)"]
[Result "0-1"]
[WhiteElo "2455"]
[BlackElo "2630"]

{ Skembris Spyridon (GRE) +0 =2 -4 Wojtaszek Radoslaw (POL) +1 =0 -0 } 1.d4
Nf6 2.c4 c5 3.d5 e6 4.Nc3 exd5 5.cxd5 d6 6.e4 g6 7.Nf3 Bg7 8.h3 ( 8.Bb5+ Bd7
9.a4 a6 10.Be2 Bg4 11.Nd2 Bxe2 12.Qxe2 Nfd7 13.a5 O-O 14.O-O b5 15.axb6 Nxb6
16.Nc4 Re8 17.Bg5 Qc7 18.Bf4 Nxc4 19.Qxc4 Ra7 20.Qa4 Re7 21.e5 dxe5 22.d6 Qxd6
23.Rfd1 Qb6 24.Nd5 Qe6 25.Nxe7+ Qxe7 26.Bg5 Qxg5 27.Qe8+ Bf8 { ...1/2-1/2,
Skembris Spyridon 2475 - Reinaldo Castineira Roi 2416 , Linares 2000 It (open)
} ) 8...a6 9.a4 { ? } 9...Nbd7 ( 9...O-O 10.Bd3 Re8 11.O-O Nbd7 12.Bf4 Qc7
13.Re1 Nh5 14.Bh2 Rb8 15.Be2 Nhf6 16.Nd2 Bf8 17.Kh1 Nb6 18.f4 Nfd7 19.Bf1 Bg7
20.Nf3 f6 21.Qd2 Qd8 22.Rad1 Na8 23.e5 fxe5 24.Ne4 exf4 25.Nxd6 Rxe1 26.Rxe1
Nf6 27.Bxf4 Bd7 28.Ng5 Nb6 29.a5 { ...1-0, Bacrot Etienne 2718 - Nezar
Mustapha 2375 , France 4. 4.2004 Ch France (team) 2004 } ) 10.Bd3 Nh5 (
10...O-O 11.O-O Nh5 12.Bg5 Bf6 13.Bh6 Re8 14.Re1 Rb8 15.Be2 Bg7 16.Bg5 Qc7
17.Nd2 h6 18.Be3 Nhf6 19.Bf4 Ne5 20.Nc4 Nxc4 21.Bxc4 Nd7 22.Bf1 Ne5 23.Be3 g5
24.Qc2 f5 25.exf5 Qf7 26.Qd2 Bxf5 27.f4 gxf4 28.Bxf4 Qg6 29.Kh1 Kh8 30.Bh2 {
...0-1, Olarasu Gabriela 2293 - Georgiev Kiril 2654 , Bad Woerishofen 2002 It
(open) } ) 11.O-O ( 11.Bg5 Bf6 12.Be3 Ne5 13.Be2 Nxf3+ 14.Bxf3 Ng7 15.Qd2 O-O
16.Rb1 Be5 17.b4 b6 18.Ne2 a5 19.bxc5 bxc5 20.O-O f5 21.Bg5 Qe8 22.Nc3 fxe4
23.Nxe4 Nf5 24.Rfe1 Qf7 25.Rb6 c4 26.Bg4 Qa7 27.Rc6 c3 28.Rxc3 h5 29.Bxf5 Bxf5
30.Rc6 Rab8 { ...0-1, San Segundo Carrillo Pablo 2525 - Wojtaszek Radoslaw
2597 , Turin 2. 6.2006 Olympiad } ) ( 11.g4 Nhf6 12.Bf4 Qe7 13.O-O ( 13.a5 {
+0.56 CAP } ) 13...h5 14.e5 dxe5 15.d6 Qd8 16.Nxe5 Nxe5 17.Bxe5 O-O 18.f4 hxg4
19.f5 Ne8 20.Bg3 Nxd6 21.fxg6 Be6 22.Qe2 Qd7 23.Rae1 Rae8 24.gxf7+ Nxf7 25.Qe4
Ng5 26.Qg6 Nf3+ 27.Kh1 Rf6 28.Qh7+ Kf8 29.Ne4 Rh6 30.Nxc5 Qd5 { ...0-1,
Gonzalez Garcia Jose 2360 - Wojtkiewicz Aleksander 2560 , New York 1994 It
(open) } ) 11...Ne5 12.Be2 Nxf3+ 13.Bxf3 Qh4 14.Bxh5 ( 14.Bg4 Nf6 15.Bxc8 Rxc8
16.Kh2 Nd7 17.g3 Qe7 18.Bf4 O-O 19.Re1 Ne5 20.Bxe5 Bxe5 21.f4 Bd4 22.Qf3 Rce8
23.Re2 Qd7 24.a5 Qc7 25.Qd3 Re7 26.Ra2 Rfe8 27.Qc4 Qd7 28.Ra1 Qd8 29.Ra2 Qd7 {
1/2-1/2, Szczechowicz Bartosz 2249 - Dobrowolski Piotr 2376 , Krakow 1999 It
(open) } ) 14...gxh5 { +0.07 CAP } 15.Ne2 { N } ( 15.Qd3 Rg8 16.Kh1 Bd7 17.f4
c4 18.Qf3 Bd4 19.Be3 Rg3 20.Bxd4 Rxf3 21.Rxf3 O-O-O 22.f5 Re8 23.Re3 Rg8
24.Rc1 Rg3 25.Ne2 Rxe3 26.Bxe3 Qxe4 27.Rc3 Bxf5 28.Ng3 Qb1+ 29.Rc1 Qd3 30.Rc3
Qd1+ 31.Bg1 Bd3 32.h4 Qg4 33.Bh2 Qxh4 34.b3 Qd4 { ...0-1, Dziuba Marcin 2494 -
Wojtaszek Radoslaw 2606 , Warsaw 17.12.2005 Ch Europe (active) } ) 15...Rg8
16.Ra3 Be5 17.Kh1 Qxe4 18.Ng3 { ?! } ( 18.Rg1 { !? } 18...Kd8 19.Re3 Qh4 20.f4
Bg7 21.Bd2 Kc7 22.Qb3 b6 23.a5 b5 24.Be1 { } ) 18...Qg6 { ? } ( 18...Bxh3
19.Nxe4 Bxg2+ 20.Kg1 Bf3+ 21.Ng5 Bxd1 22.Rxd1 h6 23.f4 Bf6 24.Rg3 hxg5 25.fxg5
Bd4+ { } ) 19.f4 Bd4 20.Qe2+ Kd8 21.f5 Qf6 22.Qxh5 Bd7 23.Ne4 Qe5 24.Qxf7 Rg7
25.Qxg7 { ? } ( 25.Qf8+ Kc7 26.Qxa8 Qxe4 27.Raf3 Qe2 28.g4 h5 29.g5 Be5
30.R3f2 Qe4+ 31.Kg1 Qxd5 32.Bd2 { } ) 25...Qxg7 26.f6 Qf7 { } {#R} 0-1

[Event "Tournament"]
[Site "masterchessopen.com - St. Petersburg (Russia)"]
[Date "2007.04.11"]
[Round "3"]
[White "Kopasov Evgeny (RUS)"]
[Black "Malofeev Alex (RUS)"]
[Result "0-1"]
[WhiteElo "2098"]
[BlackElo "2305"]

1.d4 Nf6 2.c4 c5 3.d5 e6 4.Nc3 exd5 5.cxd5 d6 6.e4 g6 7.Nf3 Bg7 8.h3 O-O 9.Bd3
b5 10.O-O c4 11.Bc2 b4 12.Nb5 Qb6 13.Nbd4 Nbd7 14.Nc6 Re8 15.Nd2 Ba6 16.Re1
Nc5 17.Qf3 Nxd5 18.exd5 Rxe1+ 19.Kh2 Rae8 20.Qg3 c3 21.bxc3 Bxc3 22.Rb1 Rxc1
{#R} 0-1

[Event "It (open)"]
[Site "masterchessopen.com - Edinburgh (Scotland)"]
[Date "2007.04.14"]
[Round "0"]
[White "Berry Neil (SCO)"]
[Black "Neave George (SCO)"]
[Result "0-1"]
[WhiteElo "2307"]
[BlackElo "2149"]

1.d4 Nf6 2.c4 c5 3.d5 e6 4.Nc3 exd5 5.cxd5 d6 6.e4 g6 7.Nf3 Bg7 8.h3 O-O 9.Bd3
b5 10.Nxb5 Re8 11.Qa4 Bd7 12.O-O Nxe4 13.Re1 Nf6 14.Bg5 Qb6 15.Qh4 Bxb5
16.Bxf6 Nd7 17.Bxg7 Kxg7 18.Bxb5 Qxb5 19.Re7 Nf6 20.Rae1 Rxe7 21.Rxe7 Re8
22.Rxa7 Qb6 23.Qa4 Qxb2 24.Ng5 Qc1+ 25.Kh2 Qxg5 {#R} 0-1

[Event "Cup North Sea (open)"]
[Site "masterchessopen.com - Esbjerg (Denmark)"]
[Date "2007.07.13"]
[Round "1"]
[White "Lindgaard Tobias S"]
[Black "Simonsen Per (DEN)"]
[Result "0-1"]
[WhiteElo "1244"]
[BlackElo "2007"]

1.d4 Nf6 2.c4 e6 3.Nc3 c5 4.d5 exd5 5.cxd5 d6 6.e4 g6 7.Nf3 Bg7 8.h3 a6 9.a4
O-O 10.Bf4 Nh5 11.Bh2 f5 12.e5 dxe5 13.Nxe5 Re8 14.f4 Qh4+ 15.Kd2 Ng3 16.Qe1
Qxf4+ 17.Kc2 Bxe5 18.Ne2 Qe4+ 19.Kb3 Qxd5+ 20.Ka3 Nxh1 21.Nc3 Qd4 22.Rd1 Qb4+
23.Ka2 Be6+ 24.Nd5 Bxd5+ {#R} 0-1

[Event "Ch City (open)"]
[Site "masterchessopen.com - Lipetsk (Russia)"]
[Date "2007.08.17"]
[Round "4"]
[White "Dulin Anatoliy (RUS)"]
[Black "Ruchkin Ivan (RUS)"]
[Result "0-1"]
[WhiteElo "2002"]
[BlackElo "2154"]

1.d4 Nf6 2.c4 c5 3.d5 e6 4.Nc3 exd5 5.cxd5 d6 6.e4 g6 7.Nf3 Bg7 8.h3 O-O 9.Bf4
Re8 10.Bg5 Nxe4 11.Nxe4 Rxe4+ 12.Be2 Qa5+ 13.Bd2 Qb5 14.Bc3 Bxc3+ 15.bxc3 Qb2
16.c4 Rxe2+ 17.Qxe2 Qxa1+ 18.Kd2 Qxa2+ {#R} 0-1

[Event "Ch Europe (juniors) (under 14) (g)"]
[Site "masterchessopen.com - Sibenik (Croatia)"]
[Date "2007.09.20"]
[Round "7"]
[White "Pavlidou Ekaterini (GRE)"]
[Black "Bauer Marie-Christine (AUT)"]
[Result "1-0"]
[WhiteElo "2003"]
[BlackElo "1887"]

1.d4 Nf6 2.c4 c5 3.d5 e6 4.Nc3 exd5 5.cxd5 d6 6.e4 g6 7.Nf3 Bg7 8.h3 O-O 9.Bd3
Nbd7 10.O-O a6 11.a4 Re8 12.Re1 Qc7 13.Bf4 c4 14.Bc2 Nh5 15.Bh2 Nc5 16.g4 Nf6
17.e5 dxe5 18.Nxe5 Qd8 19.Nxc4 Rxe1+ 20.Qxe1 Nxd5 21.Nxd5 Qxd5 22.Nb6 Qc6
23.Nxa8 b6 24.Nc7 Bb7 25.Qe8+ Bf8 26.Qxc6 {#r} 1-0

[Event "It (a)"]
[Site "masterchessopen.com - Coulsdon (England)"]
[Date "2007.12.19"]
[Round "5"]
[White "Rudd Jack (ENG)"]
[Black "Snape Ian (ENG)"]
[Result "0-1"]
[WhiteElo "2332"]
[BlackElo "2229"]

1.d4 Nf6 2.c4 c5 3.d5 e6 4.Nc3 exd5 5.cxd5 d6 6.e4 g6 7.Nf3 Bg7 8.h3 O-O 9.Bd3
b5 10.Bxb5 Nxe4 11.Nxe4 Qa5+ 12.Qd2 Qxb5 13.Nxd6 Qa6 14.Qf4 Nd7 15.Nc4 Nb6
16.Nxb6 axb6 17.Ng5 Bf5 18.g4 Rae8+ 19.Be3 Bxb2 20.gxf5 Qd3 21.Qh4 Bc3# 0-1

[Event "It (open)"]
[Site "masterchessopen.com - Voronezh (Russia)"]
[Date "2008.06.18"]
[Round "6"]
[White "Rozum Ivan (RUS)"]
[Black "Aldokhin Ivan (RUS)"]
[Result "1-0"]
[WhiteElo "2439"]
[BlackElo "2244"]

1.d4 Nf6 2.c4 e6 3.Nf3 c5 4.d5 exd5 5.cxd5 d6 6.Nc3 g6 7.e4 Bg7 8.h3 O-O 9.Bd3
b5 10.O-O b4 11.Ne2 Re8 12.Ng3 c4 13.Bc2 Nbd7 14.Be3 Bb7 15.Rc1 Qa5 16.Bb1
Rac8 17.Re1 Nb6 18.Bd4 Na4 19.Qd2 Nd7 20.Bxg7 Kxg7 21.Qg5 Qc7 22.e5 dxe5 23.d6
Qc5 24.Nh5+ Kh8 25.Qh6 {#r} 1-0

[Event "It (cat.10)"]
[Site "masterchessopen.com - Mulhouse (France)"]
[Date "2008.06.25"]
[Round "1"]
[White "Chatalbashev Boris (BUL)"]
[Black "Cornette Matthieu (FRA)"]
[Result "0-1"]
[WhiteElo "2579"]
[BlackElo "2548"]

1.d4 Nf6 2.c4 e6 3.Nf3 c5 4.d5 d6 5.Nc3 exd5 6.cxd5 g6 7.e4 Bg7 8.h3 a6 9.a4
Nbd7 10.Bd3 Nh5 11.Bg5 Bf6 12.Bh6 Ne5 13.g4 Nxf3+ 14.Qxf3 Ng7 15.h4 O-O 16.g5
Be5 17.h5 Qd7 18.Rh4 f5 19.hxg6 hxg6 20.O-O-O b5 21.Rdh1 f4 22.axb5 axb5
23.Nxb5 Qe8 24.Kc2 Rb8 {#R} 0-1

[Event "It (open)"]
[Site "masterchessopen.com - Ourense (Spain)"]
[Date "2008.07.03"]
[Round "1"]
[White "Fernandez Fernandez Fernando (ESP)"]
[Black "Alonso Macias Victor (ESP)"]
[Result "0-1"]
[WhiteElo "1544"]
[BlackElo "2019"]

1.d4 Nf6 2.Nf3 g6 3.c4 c5 4.d5 e6 5.Nc3 exd5 6.cxd5 d6 7.e4 Bg7 8.h3 O-O 9.Bd3
a6 10.a4 b6 11.O-O Re8 12.Bf4 c4 13.Bc2 Nh5 14.Bh2 Bb7 15.Nd2 Qc7 16.Re1 Nd7
17.f4 b5 18.axb5 axb5 19.Rb1 b4 20.Ne2 b3 21.Bxb3 cxb3 22.Qxb3 Nc5 23.Qc2 Rac8
24.Ng3 Bd4+ 25.Kh1 Nxe4 26.Qxc7 Nf2+ 27.Kg1 Rxe1+ {#R} 0-1

[Event "It (open) \"]
[Site "masterchessopen.com - Nyiregyhaza (Hungary)"]
[Date "2008.07.23"]
[Round "1"]
[White "Galyas Miklos (HUN)"]
[Black "Sallai Janos (HUN)"]
[Result "1-0"]
[WhiteElo "2454"]
[BlackElo "2078"]

1.d4 Nf6 2.c4 e6 3.Nc3 c5 4.d5 exd5 5.cxd5 d6 6.e4 g6 7.Nf3 Bg7 8.h3 O-O 9.Bd3
Re8 10.O-O Na6 11.Re1 Bd7 12.Bf4 Qc7 13.Rc1 Nh5 14.Bh2 c4 15.Bf1 b5 16.g4 Nf6
17.e5 dxe5 18.Nxe5 Qc8 19.d6 h6 20.a4 bxa4 21.Bxc4 Rxe5 22.Bxe5 Qxc4 23.Bxf6
Bxf6 24.Qf3 {#r} 1-0

[Event "Ch Europe (seniors)"]
[Site "masterchessopen.com - Davos (Switzerland)"]
[Date "2008.08.11"]
[Round "3"]
[White "Butnorius Algimantas (LTU)"]
[Black "Vrhovnik Damir (CRO)"]
[Result "1-0"]
[WhiteElo "2438"]
[BlackElo "1966"]

1.d4 Nf6 2.Nf3 c5 3.d5 e6 4.c4 exd5 5.cxd5 d6 6.Nc3 g6 7.e4 Bg7 8.h3 O-O 9.Bd3
a6 10.a4 Re8 11.O-O Nh5 12.Bg5 Bf6 13.Be3 Nd7 14.a5 Qe7 15.Re1 Rb8 16.Qc2 Ne5
17.Be2 b5 18.axb6 Rxb6 19.Nd2 Bg5 20.Bxh5 Bxe3 21.Rxe3 gxh5 22.f4 Ng6 23.Rf1
Rb4 24.Rg3 Kh8 25.f5 Qh4 26.Ne2 Ne5 27.f6 a5 28.Rf4 {#r} 1-0

[Event "It (open) (active)"]
[Site "masterchessopen.com - El Sauzal (Spain)"]
[Date "2008.11.01"]
[Round "2"]
[White "Malakhatko Vadim (BEL)"]
[Black "Galvan Ruiz Mario (ESP)"]
[Result "1-0"]
[WhiteElo "2633"]
[BlackElo "2061"]

1.d4 e6 2.c4 Nf6 3.Nf3 c5 4.d5 exd5 5.cxd5 d6 6.Nc3 g6 7.e4 Bg7 8.h3 O-O 9.Bd3
Re8 10.O-O a6 11.a4 Nbd7 12.Re1 Qc7 13.Bf4 Nh5 14.Bh2 Ne5 15.Be2 Nxf3+ 16.Bxf3
Nf6 17.e5 dxe5 18.d6 Qb6 19.Bxe5 Be6 20.a5 Qb4 21.Qd2 Bb3 22.Bg3 Qd4 23.Qc1
Nd7 24.Bxb7 Ra7 25.Rxe8+ {#r} 1-0

[Event "Tournament (open)"]
[Site "masterchessopen.com - Perm (Russia)"]
[Date "2009.03.14"]
[Round "4"]
[White "Dragunov Viacheslav (RUS)"]
[Black "Ivanov Rostislav (RUS)"]
[Result "0-1"]
[WhiteElo "2171"]
[BlackElo "2285"]

1.d4 Nf6 2.c4 c5 3.d5 e6 4.Nc3 exd5 5.cxd5 d6 6.e4 g6 7.Nf3 Bg7 8.h3 O-O 9.Be2
Re8 10.Nd2 Na6 11.O-O Nc7 12.a4 a6 13.f4 Rb8 14.a5 Bd7 15.Bf3 Bb5 16.Re1 Nd7
17.Nxb5 axb5 18.e5 dxe5 19.Ne4 exf4 20.Bxf4 Bd4+ 21.Kh1 Ra8 22.Nd6 Rxe1+
23.Qxe1 Qf6 24.Qd2 Ne5 25.Ne4 Qh4 26.Bxe5 Bxe5 27.Nxc5 Qg3 28.Kg1 Re8 {#R} 0-1

[Event "It (open)"]
[Site "masterchessopen.com - La Laguna (Spain)"]
[Date "2009.05.09"]
[Round "8"]
[White "Tatai Stefano (ITA)"]
[Black "Garcia Rodriguez P"]
[Result "1-0"]
[WhiteElo "2359"]
[BlackElo "1842"]

1.d4 Nf6 2.c4 c5 3.d5 e6 4.Nc3 exd5 5.cxd5 d6 6.e4 g6 7.Nf3 Bg7 8.h3 O-O 9.Bd3
Na6 10.O-O Nc7 11.Re1 a6 12.a4 Rb8 13.a5 Bd7 14.Bf4 Bb5 15.Bc2 Re8 16.Qd2 b6
17.e5 dxe5 18.Nxe5 Ncxd5 19.Nxf7 Kxf7 20.Rxe8 Qxe8 21.Nxd5 {#r} 1-0

[Event "It (open)"]
[Site "masterchessopen.com - Oslo (Norway)"]
[Date "2009.06.23"]
[Round "6"]
[White "Thingstad Even (NOR)"]
[Black "Nomat Emil-Lion (IRQ)"]
[Result "1-0"]
[WhiteElo "2058"]
[BlackElo "1823"]

1.d4 Nf6 2.c4 c5 3.d5 e6 4.Nc3 exd5 5.cxd5 g6 6.e4 d6 7.Nf3 Bg7 8.h3 O-O 9.Bd3
a6 10.a4 Re8 11.O-O Nbd7 12.Bf4 Bf8 13.Re1 Rb8 14.e5 Nh5 15.Bg5 f6 16.exf6
Rxe1+ 17.Qxe1 Nhxf6 18.Qe6+ Kg7 19.Ne4 Qe7 20.Re1 Qf7 21.Bh6+ Kg8 22.Bxf8 Nxf8
23.Nxf6+ {#r} 1-0

[Event "It (open)"]
[Site "masterchessopen.com - Klatovy (Czech Republic)"]
[Round "0"]
[White "Snaidr Jiri (CZE)"]
[Black "Kaderabek Jiri (CZE)"]
[Result "0-1"]
[WhiteElo "2002"]
[BlackElo "2205"]

1.d4 Nf6 2.c4 c5 3.Nf3 e6 4.d5 exd5 5.cxd5 d6 6.Nc3 g6 7.e4 Bg7 8.h3 O-O 9.Bd3
Re8 10.O-O a6 11.a4 Nbd7 12.Bg5 Rb8 13.Qd2 Qc7 14.Bh6 Bh8 15.Ng5 c4 16.Bc2 b5
17.axb5 axb5 18.Ne2 b4 19.Kh1 Nc5 20.f3 Ba6 21.Rfe1 c3 22.bxc3 Bxe2 23.Rxe2
Nh5 24.e5 Rxe5 25.Rxe5 Bxe5 26.cxb4 Ng3+ 27.Kg1 Bxa1 28.bxc5 Qxc5+ {#R} 0-1

[Event "It (open) \"]
[Site "masterchessopen.com - Caleta (England)"]
[Date "2010.01.30"]
[Round "5"]
[White "Hagen Anders Gjerdum (NOR)"]
[Black "Montero Melendez Rafael (ESP)"]
[Result "0-1"]
[WhiteElo "2103"]
[BlackElo "2259"]

1.d4 Nf6 2.c4 e6 3.Nf3 c5 4.d5 exd5 5.cxd5 d6 6.Nc3 g6 7.e4 Bg7 8.h3 a6 9.a4
Nbd7 10.Bd3 Nh5 11.O-O Ne5 12.Be2 Nxf3+ 13.Bxf3 Qh4 14.Be3 Be5 15.Bxh5 gxh5
16.f4 Rg8 17.Rf2 Bxc3 18.bxc3 Bxh3 19.Qb3 Qg3 20.Qxb7 Rd8 21.Qc6+ Ke7 22.Bxc5
dxc5 23.Qc7+ Ke8 24.Rb1 Qe3 25.Qe5+ Kf8 26.Qf6 Rxg2+ 27.Kh1 Qxf2 {#R} 0-1

[Event "Oberliga East B 2009/10"]
[Site "masterchessopen.com - Germany"]
[Date "2010.04.11"]
[Round "11"]
[White "Kunin Vitaly (GER)"]
[Black "Wahedi Ahmad Siar (GER)"]
[Result "1-0"]
[WhiteElo "2538"]
[BlackElo "2292"]

1.Nf3 Nf6 2.d4 c5 3.d5 e6 4.c4 exd5 5.cxd5 d6 6.Nc3 g6 7.e4 Bg7 8.h3 O-O 9.Bd3
Na6 10.O-O Rb8 11.Bf4 Nb4 12.Bb1 Nh5 13.Bh2 f5 14.exf5 gxf5 15.Nd2 Nf6 16.Nc4
Ne8 17.Nb5 f4 18.a3 a6 19.Na7 Bd7 20.axb4 cxb4 21.Qh5 h6 22.Qg6 Qg5 23.Nb6 Bf5
24.Bxf5 Rxf5 25.Qe6+ Kh7 26.Nac8 Qh5 27.Ne7 Rf8 28.Qe4+ {#r} 1-0

[Event "Ch Paraguay"]
[Site "masterchessopen.com - Asuncion (Paraguay)"]
[Date "2010.06.27"]
[Round "7"]
[White "Bustos Sebastian (PAR)"]
[Black "Butti Enrique (PAR)"]
[Result "0-1"]
[WhiteElo "1778"]
[BlackElo "2068"]

1.d4 Nf6 2.c4 e6 3.Nf3 c5 4.d5 exd5 5.cxd5 d6 6.Nc3 g6 7.e4 Bg7 8.h3 O-O 9.Bd3
b5 10.Bxb5 Nxe4 11.Nxe4 Qa5+ 12.Nfd2 Qxb5 13.Qe2 Qxe2+ 14.Kxe2 Bb7 15.Nxd6
Bxd5 16.f3 Nc6 17.N2e4 Nd4+ 18.Kd3 Rad8 19.Bf4 c4+ 20.Nxc4 Bxe4+ 21.fxe4 Nb3+
22.Ke3 Nxa1 23.Rxa1 Rfe8 24.Re1 Rd4 25.Nd6 Re6 26.e5 Rdxd6 27.Ke4 Bxe5 {#R}
0-1

[Event "It (open)"]
[Site "masterchessopen.com - Dresden (Germany)"]
[Date "2010.07.18"]
[Round "9"]
[White "Hansch Torsten (GER)"]
[Black "Herrich Christoph (GER)"]
[Result "0-1"]
[WhiteElo "2151"]
[BlackElo "2080"]

1.d4 Nf6 2.c4 e6 3.Nf3 c5 4.d5 exd5 5.cxd5 d6 6.Nc3 g6 7.e4 Bg7 8.h3 O-O 9.Bd3
b5 10.O-O b4 11.Ne2 Re8 12.Ng3 Nbd7 13.Bf4 c4 14.Bc2 Nc5 15.Re1 Bb7 16.Nd4
Nxd5 17.exd5 Rxe1+ 18.Qxe1 Bxd4 19.Qxb4 Qf6 20.Ne2 Bxb2 21.Rb1 Be5 22.Be3 Bxd5
23.f4 Ba1 24.Bxc5 dxc5 25.Qxc5 Re8 26.Qxd5 Rxe2 27.Qa8+ Kg7 28.Ba4 Bd4+ 29.Kh1
Qxf4 {#R} 0-1

[Event "It (open) \"]
[Site "masterchessopen.com - Tatranske Zruby (Slovakia)"]
[Date "2010.10.04"]
[Round "4"]
[White "Obona Jan (SVK)"]
[Black "Framberk Jan (CZE)"]
[Result "1-0"]
[WhiteElo "2145"]
[BlackElo "1996"]

1.d4 Nf6 2.c4 c5 3.d5 e6 4.Nc3 exd5 5.cxd5 d6 6.e4 g6 7.Nf3 Bg7 8.h3 O-O 9.Bd3
Re8 10.O-O Na6 11.Re1 Nc7 12.a4 b6 13.Bf4 a6 14.Bc4 Nh5 15.Bh2 Bf8 16.e5 Rb8
17.Ne4 dxe5 18.Nxe5 Bb7 19.g4 Nf6 20.Nxf6+ Qxf6 21.Nd7 Rxe1+ 22.Qxe1 Qf3
23.Bxc7 Qxh3 24.Nf6+ Kh8 25.Bxb8 {#r} 1-0

[Event "Ch City (open)"]
[Site "masterchessopen.com - Ivanovo (Russia)"]
[Date "2010.10.22"]
[Round "7"]
[White "Sirotkina Anna (RUS)"]
[Black "Rogozjkin Alexandr (RUS)"]
[Result "0-1"]
[WhiteElo "1801"]
[BlackElo "1963"]

1.d4 Nf6 2.c4 c5 3.d5 e6 4.Nc3 exd5 5.cxd5 d6 6.e4 g6 7.Nf3 Bg7 8.h3 O-O 9.Bd3
a6 10.a4 c4 11.Bxc4 Nxe4 12.Nxe4 Re8 13.Bd3 f5 14.Qc2 fxe4 15.Bxe4 Bf5 16.Nd2
Bxe4 17.Nxe4 Qh4 {#R} 0-1

[Event "Memorial Jose Jabur (open)"]
[Site "masterchessopen.com - Curitiba (Brazil)"]
[Round "1"]
[White "Da Cruz William F"]
[Black "Carneiro Carlos (POR)"]
[Result "1-0"]
[WhiteElo "2144"]
[BlackElo "2269"]

1.d4 Nf6 2.c4 c5 3.d5 e6 4.Nc3 exd5 5.cxd5 d6 6.e4 g6 7.Nf3 Bg7 8.h3 O-O 9.Bd3
a6 10.a4 Nbd7 11.O-O Re8 12.Bg5 Qb6 13.Qc2 Ne5 14.Nxe5 Rxe5 15.f4 Re8 16.Qf2
Nxe4 17.Nxe4 Rxe4 18.Kh1 Rb4 19.Rae1 Bd7 20.Re7 Bxa4 21.f5 Re8 22.fxg6 Rxe7
{#r} 1-0

[Event "It (open)"]
[Site "masterchessopen.com - Pavlodar (Kazakhstan)"]
[Date "2010.12.08"]
[Round "9"]
[White "Demianjuk Alexander (RUS)"]
[Black "Zybin Stanislav (KAZ)"]
[Result "1-0"]
[WhiteElo "2328"]
[BlackElo "2129"]

1.d4 Nf6 2.c4 e6 3.Nf3 c5 4.d5 exd5 5.cxd5 g6 6.Nc3 d6 7.e4 Bg7 8.h3 O-O 9.Bd3
b5 10.Nxb5 Nxe4 11.O-O a6 12.Na3 Nf6 13.Nc4 Bb7 14.Bf4 Nxd5 15.Bxd6 Re8 16.Bg3
Bf8 17.a3 Nc6 18.Qb3 Ra7 19.Rfe1 Rxe1+ 20.Rxe1 Bc8 21.Nce5 Rb7 22.Qc2 Nxe5
23.Nxe5 Rb6 24.Bc4 Be6 25.Rd1 Qa8 26.Qe4 Nc7 27.Qxa8 Nxa8 28.Rd8 Nc7 29.Nd7
{#r} 1-0

[Event "It (open)"]
[Site "masterchessopen.com - Brno (Czech Republic)"]
[Date "2011.06.26"]
[Round "2"]
[White "Musil Jiri (CZE)"]
[Black "Cip Dalibor (CZE)"]
[Result "0-1"]
[WhiteElo "1976"]
[BlackElo "2106"]

1.d4 Nf6 2.Nf3 c5 3.d5 e6 4.c4 exd5 5.cxd5 d6 6.Nc3 g6 7.e4 Bg7 8.h3 O-O 9.Bd3
b6 10.O-O Ba6 11.Bf4 Bxd3 12.Qxd3 a6 13.a4 Ne8 14.Rfe1 Nd7 15.Rad1 f6 16.g4
Ra7 17.Kh2 Ne5 18.Bxe5 fxe5 19.g5 Raf7 20.Re3 h6 21.h4 Qd7 22.Rg1 hxg5 23.hxg5
Bf6 24.Rg3 Bd8 25.Kg2 Ng7 26.Kf1 Nh5 27.Rg1 Qh3+ {#R} 0-1

[Event "It (open)"]
[Site "masterchessopen.com - Tres Cantos (Spain)"]
[Date "2011.06.27"]
[Round "6"]
[White "Prieto Velasco Rafael (ESP)"]
[Black "Galan Fernandez Felix (ESP)"]
[Result "0-1"]
[WhiteElo "1762"]
[BlackElo "2085"]

1.d4 Nf6 2.c4 c5 3.d5 e6 4.Nc3 exd5 5.cxd5 d6 6.e4 g6 7.Nf3 Bg7 8.h3 O-O 9.Bd3
a6 10.a4 Re8 11.O-O Nbd7 12.Bf4 Qc7 13.Re1 Rb8 14.a5 b5 15.axb6 Rxb6 16.Na4
Rb4 17.Nd2 Nh5 18.Bh2 Be5 19.Nc4 Bxh2+ 20.Kxh2 Ne5 21.Nxe5 Rxe5 22.Qc2 Nf4
23.Bf1 Qe7 24.Nc3 Rh5 25.Re3 Qe5 26.Kg1 Rg5 27.g3 Nxh3+ 28.Bxh3 Bxh3 29.f4
Qxf4 {#R} 0-1